00513nam a2200157 450000500170000001000150001702000260003203500140005803700130007208200120008510000220009724501100011926000390022927000670026830000200033520190516164538.0 aENG-125203 a9789352660001c500.00 aEN-108735 bDBAD/PUB a320.954 aSinha, Anuj Kumar aUnsung heroes of Jharkhand movements :bstory of exploitation, struggle and martysm/cby Anuj Kumar Sinha aNew DelhibPrabhat Prakashanc2017 a4/19, Asaf Ali RoadbNew Delhie110002mprabhatbooks@gmail.com a301p.c23cm(Hb)